Guía completa de ilustración y diseño. Técnicas y materiales.

Đã lưu trong:
Chi tiết về thư mục
Tác giả chính: Dalley, Terence (coordinador)
Định dạng: Sách
Được phát hành: Madrid, España: Tursen, S.A.; Hermann Blume Ediciones, 1992.
Phiên bản:Primera edición española.
Những chủ đề:
Các nhãn: Thêm thẻ
Không có thẻ, Là người đầu tiên thẻ bản ghi này!

MARC

LEADER 00000nam a22000007a 4500
003 CL-VaPUC
005 20250321101926.0
008 250120t1992 ||||| |||| 00| 0 eng d
999 |c 446673  |d 446671 
020 |a 84-87756-21-2 
040 |c Pontificia Universidad Católica de Valparaíso 
082 0 4 |a 741.6 DAL 1992  |2 21 
100 |a Dalley, Terence  |e coordinador  |9 895628 
245 1 0 |a Guía completa de ilustración y diseño.  |b Técnicas y materiales. 
250 |a Primera edición española. 
260 |a Madrid, España:  |b Tursen, S.A.;  |b Hermann Blume Ediciones,  |c 1992. 
300 |a 224 páginas :  |b ilustraciones. 
500 |a c.1. Instituto Arcos 8-1-2025. 
583 |a last modification  |c 20120726 04:54:59  |k Cristina María Rojas Aguilar 
650 0 |a Artes gráficas  |9 265865  |x Técnicas y materiales 
650 0 |a Diseño gráfico  |9 266874 
942 |c BK  |2 ddc  |n 0 
952 |0 0  |1 0  |2 ddc  |4 0  |6 741_600000000000000_DAL_1992  |7 0  |8 A  |9 599586  |a BIBINC  |b BIBINC  |d 2025-01-20  |e Instituto Arcos  |i 5664598  |l 1  |o 741.6 DAL 1992  |p 5664598  |r 2025-03-19  |s 2025-03-19  |t 1  |w 2025-01-20  |y BK  |k IFP